000
00284nam a22001337a 4500
008
170406b xxu||||| |||| 00| 0 eng d
020
_a
0891891854
041
_a
eng
080
_a
616.15
100
_a
9
101
_a
SHM
245
_a
HEMATOLOGIC NEOPLASMS
_c
SUN, T
942
_2
udc
_c
BK
999
_c
9925
_d
9925